[Event "25th 4NCL Congress"]
[Site "Leamington Spa, United Kingdom"]
[Date "2021.07.10"]
[Round "3.4"]
[White "Willow, Jonah B"]
[Black "Villiers, Thomas"]
[Result "1-0"]
[TimeControl "All moves in 90 minutes + 30 seconds per move"]
[WhiteElo "2386"]
[BlackElo "2161"]

1. e4 {[%clk 01:30:57]} {[%emt 00:00:02]} e6 {[%clk 01:30:42]} {[%emt
00:00:18]} 2. d4 {[%clk 01:31:20]} {[%emt 00:00:08]} d5 {[%clk 01:31:05]}
{[%emt 00:00:06]} 3. Nd2 {[%clk 01:31:42]} {[%emt 00:00:08]} dxe4 {[%clk
01:26:05]} {[%emt 00:05:29]} 4. Nxe4 {[%clk 01:32:00]} {[%emt 00:00:13]} Nd7
{[%clk 01:26:33]} {[%emt 00:00:02]} 5. Nf3 {[%clk 01:32:23]} {[%emt 00:00:06]}
Ngf6 {[%clk 01:26:57]} {[%emt 00:00:06]} 6. Nxf6+ {[%clk 01:32:49]} {[%emt
00:00:05]} Nxf6 {[%clk 01:27:19]} {[%emt 00:00:08]} 7. Ne5 {[%clk 01:33:14]}
{[%emt 00:00:05]} Be7 {[%clk 01:24:40]} {[%emt 00:03:08]} 8. Bd3 {[%clk
01:33:16]} {[%emt 00:00:28]} c5 {[%clk 01:21:13]} {[%emt 00:03:59]} 9. dxc5
{[%clk 01:26:47]} {[%emt 00:06:59]} Qa5+ {[%clk 01:20:36]} {[%emt 00:01:06]} 10.
Bd2 {[%clk 01:23:56]} {[%emt 00:03:21]} Qxc5 {[%clk 01:20:57]} {[%emt
00:00:09]} 11. Qe2 {[%clk 01:24:03]} {[%emt 00:00:23]} O-O {[%clk 01:20:40]}
{[%emt 00:00:45]} 12. O-O {[%clk 01:23:42]} {[%emt 00:00:52]} b6 {[%clk
01:16:53]} {[%emt 00:04:17]} 13. b4 {[%clk 00:53:44]} {[%emt 00:30:29]} Qc7
{[%clk 01:11:08]} {[%emt 00:06:15]} 14. Bf4 {[%clk 00:47:26]} {[%emt 00:06:48]}
Bd6 {[%clk 01:06:12]} {[%emt 00:05:25]} 15. c4 {[%clk 00:47:17]} {[%emt
00:00:39]} Bb7 {[%clk 01:06:02]} {[%emt 00:00:40]} 16. a3 {[%clk 00:41:58]}
{[%emt 00:05:49]} a5 {[%clk 00:52:04]} {[%emt 00:14:28]} 17. Rab1 {[%clk
00:34:16]} {[%emt 00:08:11]} axb4 {[%clk 00:48:38]} {[%emt 00:03:56]} 18. axb4
{[%clk 00:34:26]} {[%emt 00:00:21]} Qe7 {[%clk 00:48:10]} {[%emt 00:00:58]} 19.
Bg5 {[%clk 00:29:52]} {[%emt 00:05:04]} h6 {[%clk 00:38:03]} {[%emt 00:10:37]}
20. Bh4 {[%clk 00:28:53]} {[%emt 00:01:28]} g5 {[%clk 00:29:12]} {[%emt
00:09:21]} 21. Bg3 {[%clk 00:28:37]} {[%emt 00:00:48]} Bxb4 {[%clk 00:28:46]}
{[%emt 00:00:56]} 22. f4 {[%clk 00:27:01]} {[%emt 00:02:06]} Bc5+ {[%clk
00:28:55]} {[%emt 00:00:21]} 23. Kh1 {[%clk 00:27:10]} {[%emt 00:00:21]} Ra3
{[%clk 00:27:06]} {[%emt 00:02:18]} 24. Rbd1 {[%clk 00:24:14]} {[%emt
00:03:27]} Rfa8 {[%clk 00:25:39]} {[%emt 00:01:57]} 25. fxg5 {[%clk 00:21:45]}
{[%emt 00:02:59]} hxg5 {[%clk 00:25:59]} {[%emt 00:00:09]} 26. Qd2 {[%clk
00:02:49]} {[%emt 00:19:27]} Ne4 {[%clk 00:17:39]} {[%emt 00:08:49]} 27. Rxf7
{[%clk 00:02:21]} {[%emt 00:00:58]} Qxf7 {[%clk 00:10:14]} {[%emt 00:07:55]} 28.
Bxe4 {[%clk 00:02:38]} {[%emt 00:00:13]} Qh5 {[%clk 00:03:48]} {[%emt
00:06:57]} 29. Bg6 {[%clk 00:00:34]} {[%emt 00:02:34]} Qxd1+ {[%clk 00:01:08]}
{[%emt 00:03:11]} 30. Qxd1 {[%clk 00:01:03]} Ra1 {[%clk 00:01:30]} {[%emt
00:00:09]} 31. Bb1 {[%clk 00:00:59]} {[%emt 00:00:34]} Be4 {[%clk 00:01:55]}
{[%emt 00:00:04]} 32. Nd3 {[%clk 00:00:45]} {[%emt 00:00:45]} Rd8 {[%clk
00:00:36]} {[%emt 00:01:49]} 33. Qg4 {[%clk 00:00:37]} {[%emt 00:00:38]} Rxb1+
{[%clk 00:01:00]} {[%emt 00:00:06]} 34. Ne1 {[%clk 00:01:00]} {[%emt 00:00:07]}
Rdd1 {[%clk 00:00:00]} 1-0

[Event "25th 4NCL Congress"]
[Site "Leamington Spa, United Kingdom"]
[Date "2021.07.10"]
[Round "3.5"]
[White "Turner, Max N"]
[Black "Seymour, Timothy P"]
[Result "1/2-1/2"]
[TimeControl "All moves in 90 minutes + 30 seconds per move"]
[WhiteElo "2222"]
[BlackElo "2119"]

1. d4 {[%clk 01:30:57]} {[%emt 00:00:03]} Nf6 {[%clk 01:30:59]} {[%emt
00:00:02]} 2. c4 {[%clk 01:31:15]} {[%emt 00:00:11]} e6 {[%clk 01:31:27]}
{[%emt 00:00:02]} 3. Nf3 {[%clk 01:31:37]} {[%emt 00:00:07]} d5 {[%clk
01:31:54]} {[%emt 00:00:04]} 4. e3 {[%clk 01:31:58]} {[%emt 00:00:09]} Be7
{[%clk 01:28:04]} {[%emt 00:04:20]} 5. b3 {[%clk 01:32:08]} {[%emt 00:00:20]}
O-O {[%clk 01:27:39]} {[%emt 00:00:55]} 6. Bb2 {[%clk 01:32:12]} {[%emt
00:00:27]} c5 {[%clk 01:17:40]} {[%emt 00:10:29]} 7. dxc5 {[%clk 01:29:38]}
{[%emt 00:03:03]} Bxc5 {[%clk 01:17:23]} {[%emt 00:00:48]} 8. a3 {[%clk
01:29:19]} {[%emt 00:00:48]} dxc4 {[%clk 01:13:50]} {[%emt 00:04:04]} 9. Bxc4
{[%clk 01:29:23]} {[%emt 00:00:57]} Qxd1+ {[%clk 01:06:20]} {[%emt 00:08:30]}
10. Kxd1 {[%clk 01:29:43]} {[%emt 00:00:09]} Nbd7 {[%clk 01:05:43]} {[%emt
00:01:06]} 11. Nbd2 {[%clk 01:27:36]} {[%emt 00:02:37]} Be7 {[%clk 00:57:54]}
{[%emt 00:08:19]} 12. Rc1 {[%clk 01:23:24]} {[%emt 00:04:42]} Rd8 {[%clk
00:52:43]} {[%emt 00:05:42]} 13. Ke2 {[%clk 01:19:32]} {[%emt 00:04:22]} Nb6
{[%clk 00:40:46]} {[%emt 00:12:26]} 14. Bd3 {[%clk 01:17:57]} {[%emt 00:02:05]}
Bd7 {[%clk 00:40:35]} {[%emt 00:00:42]} 15. Ne5 {[%clk 01:16:33]} {[%emt
00:01:54]} Be8 {[%clk 00:40:29]} {[%emt 00:00:35]} 16. e4 {[%clk 01:10:17]}
{[%emt 00:06:47]} Nfd7 {[%clk 00:33:49]} {[%emt 00:07:10]} 17. Nxd7 {[%clk
01:00:26]} {[%emt 00:10:21]} Nxd7 {[%clk 00:30:36]} {[%emt 00:03:44]} 18. f4
{[%clk 00:48:17]} {[%emt 00:12:39]} Nc5 {[%clk 00:27:27]} {[%emt 00:03:38]} 19.
Rc3 {[%clk 00:39:27]} {[%emt 00:09:20]} Nxd3 {[%clk 00:21:40]} {[%emt
00:06:17]} 20. Rxd3 {[%clk 00:37:58]} {[%emt 00:02:00]} Bb5 {[%clk 00:18:42]}
{[%emt 00:03:28]} 21. Nc4 {[%clk 00:38:20]} {[%emt 00:00:07]} Rdc8 {[%clk
00:17:51]} {[%emt 00:01:21]} 22. Rc1 {[%clk 00:35:53]} {[%emt 00:02:57]} Rc7
{[%clk 00:13:36]} {[%emt 00:04:45]} 23. a4 {[%clk 00:31:43]} {[%emt 00:04:41]}
Ba6 {[%clk 00:11:44]} {[%emt 00:02:22]} 24. Rdc3 {[%clk 00:26:39]} {[%emt
00:05:34]} Rac8 {[%clk 00:10:58]} {[%emt 00:01:16]} 25. Kf3 {[%clk 00:26:52]}
{[%emt 00:00:16]} Bb4 {[%clk 00:04:29]} {[%emt 00:06:59]} 26. R3c2 {[%clk
00:27:01]} {[%emt 00:00:21]} Bxc4 {[%clk 00:02:57]} {[%emt 00:02:03]} 27. Rxc4
{[%clk 00:27:22]} {[%emt 00:00:09]} Rxc4 {[%clk 00:03:19]} {[%emt 00:00:08]} 28.
Rxc4 {[%clk 00:26:59]} {[%emt 00:00:52]} Rxc4 {[%clk 00:03:45]} {[%emt
00:00:04]} 29. bxc4 {[%clk 00:27:24]} {[%emt 00:00:05]} Bc5 {[%clk 00:03:16]}
{[%emt 00:00:59]} 30. Ke2 {[%clk 00:27:19]} {[%emt 00:00:35]} f6 {[%clk
00:02:09]} {[%emt 00:01:36]} 31. Kd3 {[%clk 00:27:26]} {[%emt 00:00:24]} Kf7
{[%clk 00:02:08]} {[%emt 00:00:31]} 32. f5 {[%clk 00:27:23]} {[%emt 00:00:33]}
exf5 {[%clk 00:01:48]} {[%emt 00:00:51]} 33. exf5 {[%clk 00:27:42]} {[%emt
00:00:11]} Ke7 {[%clk 00:02:02]} {[%emt 00:00:16]} 34. Ke4 {[%clk 00:27:56]}
{[%emt 00:00:15]} Kd6 {[%clk 00:02:04]} {[%emt 00:00:27]} 35. g4 {[%clk
00:27:57]} {[%emt 00:00:30]} h6 {[%clk 00:01:30]} {[%emt 00:01:05]} 36. h4
{[%clk 00:27:44]} {[%emt 00:00:43]} Bf2 {[%clk 00:01:38]} {[%emt 00:00:21]} 37.
Ba3+ {[%clk 00:28:09]} {[%emt 00:00:06]} Bc5 {[%clk 00:01:42]} {[%emt
00:00:25]} 38. Bc1 {[%clk 00:25:46]} {[%emt 00:02:53]} Bf2 {[%clk 00:01:54]}
{[%emt 00:00:19]} 39. Ba3+ {[%clk 00:24:16]} {[%emt 00:01:59]} 1/2-1/2

[Event "25th 4NCL Congress"]
[Site "Leamington Spa, United Kingdom"]
[Date "2021.07.10"]
[Round "3.6"]
[White "Sedykh, Mikhail"]
[Black "Merriman, John"]
[Result "1/2-1/2"]
[TimeControl "All moves in 90 minutes + 30 seconds per move"]
[WhiteElo "2119"]
[BlackElo "2246"]

1. d4 {[%clk 01:30:57]} {[%emt 00:00:02]} Nf6 {[%clk 01:30:07]} {[%emt
00:00:53]} 2. c4 {[%clk 01:31:23]} {[%emt 00:00:04]} e6 {[%clk 01:30:32]}
{[%emt 00:00:05]} 3. Nc3 {[%clk 01:31:49]} {[%emt 00:00:05]} Bb4 {[%clk
01:30:45]} {[%emt 00:00:17]} 4. Qc2 {[%clk 01:32:03]} {[%emt 00:00:15]} O-O
{[%clk 01:30:05]} {[%emt 00:01:10]} 5. Nf3 {[%clk 01:32:17]} {[%emt 00:00:17]}
d5 {[%clk 01:23:54]} {[%emt 00:06:41]} 6. cxd5 {[%clk 01:32:27]} {[%emt
00:00:19]} exd5 {[%clk 01:23:58]} {[%emt 00:00:26]} 7. Bg5 {[%clk 01:32:13]}
{[%emt 00:00:45]} h6 {[%clk 01:20:49]} {[%emt 00:03:38]} 8. Bxf6 {[%clk
01:32:18]} {[%emt 00:00:26]} Qxf6 {[%clk 01:20:44]} {[%emt 00:00:34]} 9. a3
{[%clk 01:32:35]} {[%emt 00:00:14]} Bxc3+ {[%clk 01:18:05]} {[%emt 00:03:09]}
10. Qxc3 {[%clk 01:32:59]} {[%emt 00:00:07]} c6 {[%clk 01:17:37]} {[%emt
00:00:56]} 1/2-1/2

[Event "25th 4NCL Congress"]
[Site "Leamington Spa, United Kingdom"]
[Date "2021.07.10"]
[Round "3.7"]
[White "Kett, Timothy J"]
[Black "Nettleton, Charlie B"]
[Result "1-0"]
[TimeControl "All moves in 90 minutes + 30 seconds per move"]
[WhiteElo "2178"]
[BlackElo "2008"]

1. e4 {[%clk 01:30:55]} {[%emt 00:00:03]} e5 {[%clk 01:30:40]} {[%emt
00:00:21]} 2. f4 {[%clk 01:31:18]} {[%emt 00:00:07]} d5 {[%clk 01:30:07]}
{[%emt 00:01:03]} 3. exd5 {[%clk 01:31:37]} {[%emt 00:00:09]} c6 {[%clk
01:29:18]} {[%emt 00:01:21]} 4. Nc3 {[%clk 01:31:08]} {[%emt 00:00:58]} cxd5
{[%clk 01:28:34]} {[%emt 00:01:15]} 5. fxe5 {[%clk 01:30:51]} {[%emt 00:00:47]}
Nc6 {[%clk 01:26:16]} {[%emt 00:02:48]} 6. Nf3 {[%clk 01:28:25]} {[%emt
00:02:55]} d4 {[%clk 01:24:46]} {[%emt 00:02:01]} 7. Ne4 {[%clk 01:18:34]}
{[%emt 00:10:20]} Qd5 {[%clk 01:18:11]} {[%emt 00:07:05]} 8. d3 {[%clk
01:15:25]} {[%emt 00:03:38]} Bg4 {[%clk 01:17:45]} {[%emt 00:00:56]} 9. Be2
{[%clk 01:15:31]} {[%emt 00:00:23]} f5 {[%clk 01:14:14]} {[%emt 00:04:02]} 10.
exf6 {[%clk 01:11:58]} {[%emt 00:04:04]} Nxf6 {[%clk 01:14:26]} {[%emt
00:00:18]} 11. O-O {[%clk 01:05:37]} {[%emt 00:06:50]} O-O-O {[%clk 01:13:41]}
{[%emt 00:01:15]} 12. c4 {[%clk 00:54:25]} {[%emt 00:11:42]} dxc3 {[%clk
01:10:42]} {[%emt 00:03:31]} 13. Nxc3 {[%clk 00:40:45]} {[%emt 00:14:09]} Bc5+
{[%clk 01:08:48]} {[%emt 00:02:24]} 14. Kh1 {[%clk 00:40:06]} {[%emt 00:01:08]}
Qh5 {[%clk 01:08:32]} {[%emt 00:00:46]} 15. Bf4 {[%clk 00:40:17]} {[%emt
00:00:19]} Rhe8 {[%clk 00:58:40]} {[%emt 00:10:24]} 16. Rc1 {[%clk 00:39:02]}
{[%emt 00:01:44]} Qf5 {[%clk 00:54:38]} {[%emt 00:04:32]} 17. Qa4 {[%clk
00:33:15]} {[%emt 00:06:18]} Bxf3 {[%clk 00:46:32]} {[%emt 00:08:35]} 18. Bxf3
{[%emt 00:04:48]} Rd4 {[%clk 00:46:35]} 19. Bxc6 {[%clk 00:29:21]} {[%emt
00:00:33]} Rxa4 {[%clk 00:46:27]} {[%emt 00:00:39]} 20. Bxa4 {[%clk 00:29:28]}
{[%emt 00:00:22]} Nh5 {[%clk 00:39:40]} {[%emt 00:07:17]} 21. Ne4 {[%clk
00:21:41]} {[%emt 00:08:17]} 1-0

[Event "25th 4NCL Congress"]
[Site "Leamington Spa, United Kingdom"]
[Date "2021.07.10"]
[Round "3.8"]
[White "Sowray, Peter J"]
[Black "Burrows, Nick"]
[Result "1-0"]
[TimeControl "All moves in 90 minutes + 30 seconds per move"]
[WhiteElo "2195"]
[BlackElo "1947"]

1. d4 {[%clk 01:30:55]} {[%emt 00:00:05]} e6 {[%clk 01:30:25]} {[%emt
00:00:35]} 2. c4 {[%clk 01:30:23]} {[%emt 00:01:01]} f5 {[%clk 01:30:49]}
{[%emt 00:00:06]} 3. Nc3 {[%clk 01:30:00]} {[%emt 00:00:52]} Nf6 {[%clk
01:31:04]} {[%emt 00:00:16]} 4. e3 {[%clk 01:30:10]} {[%emt 00:00:20]} Bb4
{[%clk 01:31:01]} {[%emt 00:00:34]} 5. Qc2 {[%clk 01:30:11]} {[%emt 00:00:29]}
b6 {[%clk 01:30:45]} {[%emt 00:00:47]} 6. Bd3 {[%clk 01:30:27]} {[%emt
00:00:13]} Bb7 {[%clk 01:30:54]} {[%emt 00:00:21]} 7. f3 {[%clk 01:30:49]}
{[%emt 00:00:07]} O-O {[%clk 01:30:45]} {[%emt 00:00:40]} 8. Nge2 {[%clk
01:30:12]} {[%emt 00:01:07]} c5 {[%clk 01:30:57]} {[%emt 00:00:18]} 9. a3
{[%clk 01:25:38]} {[%emt 00:05:04]} Bxc3+ {[%clk 01:31:20]} {[%emt 00:00:08]}
10. bxc3 {[%clk 01:26:02]} {[%emt 00:00:06]} d6 {[%clk 01:29:32]} {[%emt
00:02:18]} 11. Nf4 {[%clk 01:19:43]} {[%emt 00:06:48]} Qe7 {[%clk 01:28:18]}
{[%emt 00:01:44]} 12. d5 {[%clk 01:17:25]} {[%emt 00:02:48]} exd5 {[%clk
01:27:13]} {[%emt 00:01:35]} 13. cxd5 {[%clk 01:17:27]} {[%emt 00:00:27]} c4
{[%clk 01:17:40]} {[%emt 00:10:03]} 14. Bxf5 {[%clk 01:12:26]} {[%emt
00:05:30]} Bxd5 {[%clk 01:17:02]} {[%emt 00:01:09]} 15. Nxd5 {[%clk 01:08:16]}
{[%emt 00:04:40]} Nxd5 {[%clk 01:17:27]} {[%emt 00:00:05]} 16. Be4 {[%clk
01:08:30]} {[%emt 00:00:15]} Nf4 {[%clk 01:03:53]} {[%emt 00:14:04]} 17. Bxa8
{[%clk 01:01:34]} {[%emt 00:07:27]} Nd3+ {[%clk 01:01:44]} {[%emt 00:02:39]} 18.
Kf1 {[%clk 01:00:16]} {[%emt 00:01:46]} Qh4 {[%clk 01:00:41]} {[%emt 00:01:34]}
19. Bd5+ {[%clk 00:56:29]} {[%emt 00:04:18]} Kh8 {[%clk 01:00:55]} {[%emt
00:00:16]} 20. Qe2 {[%clk 00:56:24]} {[%emt 00:00:34]} Nd7 {[%clk 00:56:19]}
{[%emt 00:05:07]} 21. e4 {[%clk 00:50:16]} {[%emt 00:06:38]} N7e5 {[%clk
00:42:51]} {[%emt 00:13:59]} 22. Bxc4 {[%clk 00:44:09]} {[%emt 00:06:36]} Nxf3
{[%clk 00:40:11]} {[%emt 00:03:10]} 23. gxf3 {[%clk 00:44:01]} {[%emt
00:00:37]} Qh3+ {[%clk 00:38:20]} {[%emt 00:02:23]} 24. Kg1 {[%clk 00:36:57]}
{[%emt 00:07:33]} Rf6 {[%clk 00:28:59]} {[%emt 00:09:52]} 25. Bg5 {[%clk
00:34:25]} {[%emt 00:03:02]} Rg6 {[%clk 00:25:23]} {[%emt 00:04:06]} 26. Qg2
{[%clk 00:33:56]} {[%emt 00:00:58]} Qh5 {[%clk 00:22:44]} {[%emt 00:03:10]} 27.
h4 {[%clk 00:33:06]} {[%emt 00:01:20]} Ne5 {[%clk 00:22:38]} {[%emt 00:00:37]}
28. Be2 {[%clk 00:32:47]} 1-0

[Event "25th 4NCL Congress"]
[Site "Leamington Spa, United Kingdom"]
[Date "2021.07.10"]
[Round "3.9"]
[White "Verma, Aditya"]
[Black "Cox, Toby"]
[Result "1-0"]
[TimeControl "All moves in 90 minutes + 30 seconds per move"]
[WhiteElo "2169"]
[BlackElo "1783"]

1. e4 {[%clk 01:30:58]} {[%emt 00:00:02]} e6 {[%clk 01:30:55]} {[%emt
00:00:05]} 2. d4 {[%clk 01:31:25]} {[%emt 00:00:04]} d5 {[%clk 01:31:21]}
{[%emt 00:00:04]} 3. Nc3 {[%clk 01:31:50]} {[%emt 00:00:05]} Nf6 {[%clk
01:31:45]} {[%emt 00:00:07]} 4. Bg5 {[%clk 01:31:15]} {[%emt 00:01:03]} dxe4
{[%clk 01:32:09]} {[%emt 00:00:07]} 5. Nxe4 {[%clk 01:31:29]} {[%emt 00:00:16]}
Be7 {[%clk 01:32:35]} {[%emt 00:00:04]} 6. Bxf6 {[%clk 01:31:28]} {[%emt
00:00:32]} gxf6 {[%clk 01:32:59]} {[%emt 00:00:06]} 7. Nf3 {[%clk 01:31:53]}
{[%emt 00:00:04]} f5 {[%clk 01:32:42]} {[%emt 00:00:47]} 8. Nc3 {[%clk
01:32:19]} {[%emt 00:00:04]} Qd6 {[%clk 01:30:35]} {[%emt 00:02:38]} 9. Qd2
{[%clk 01:17:45]} {[%emt 00:15:04]} Nd7 {[%clk 01:28:10]} {[%emt 00:02:56]} 10.
O-O-O {[%clk 01:10:22]} {[%emt 00:07:54]} a6 {[%clk 01:25:25]} {[%emt
00:03:13]} 11. g3 {[%clk 00:53:04]} {[%emt 00:17:48]} b5 {[%clk 01:22:34]}
{[%emt 00:03:22]} 12. Bg2 {[%clk 00:52:41]} {[%emt 00:00:52]} Bb7 {[%clk
01:21:29]} {[%emt 00:01:35]} 13. d5 {[%clk 00:32:39]} {[%emt 00:20:32]} Nb6
{[%clk 01:11:41]} {[%emt 00:10:18]} 14. dxe6 {[%clk 00:30:53]} {[%emt
00:02:16]} Qxd2+ {[%clk 01:11:36]} {[%emt 00:00:34]} 15. Rxd2 {[%clk 00:30:53]}
{[%emt 00:00:31]} fxe6 {[%clk 01:11:54]} {[%emt 00:00:12]} 16. Re2 {[%clk
00:30:17]} {[%emt 00:01:04]} O-O-O {[%clk 01:06:54]} {[%emt 00:05:30]} 17. Rxe6
{[%clk 00:28:52]} {[%emt 00:01:57]} Bb4 {[%clk 01:05:29]} {[%emt 00:01:56]} 18.
Nh4 {[%clk 00:26:59]} {[%emt 00:02:21]} Bxg2 {[%clk 01:02:17]} {[%emt
00:03:45]} 19. Nxg2 {[%clk 00:27:25]} {[%emt 00:00:03]} Kb7 {[%clk 01:01:19]}
{[%emt 00:01:28]} 20. Ne3 {[%clk 00:25:24]} {[%emt 00:02:31]} Rhf8 {[%clk
01:00:21]} {[%emt 00:01:28]} 21. f4 {[%clk 00:24:46]} {[%emt 00:01:07]} Bxc3
{[%clk 00:55:08]} {[%emt 00:05:44]} 22. bxc3 {[%clk 00:25:12]} {[%emt
00:00:04]} Na4 {[%clk 00:55:34]} {[%emt 00:00:04]} 23. c4 {[%clk 00:23:46]}
{[%emt 00:01:55]} b4 {[%clk 00:54:43]} {[%emt 00:01:22]} 24. Nd5 {[%clk
00:23:29]} {[%emt 00:00:43]} Nc3 {[%clk 00:52:13]} {[%emt 00:03:03]} 25. Nxb4
{[%clk 00:20:09]} {[%emt 00:03:50]} Rd4 {[%clk 00:51:08]} {[%emt 00:01:35]} 26.
Nc6 {[%clk 00:16:33]} {[%emt 00:04:06]} Re4 {[%clk 00:49:56]} {[%emt 00:01:43]}
27. Rxe4 {[%clk 00:16:25]} {[%emt 00:00:38]} fxe4 {[%clk 00:49:47]} {[%emt
00:00:40]} 28. Ne5 {[%clk 00:15:23]} {[%emt 00:01:31]} Nxa2+ {[%clk 00:47:28]}
{[%emt 00:02:50]} 29. Kb2 {[%clk 00:15:48]} {[%emt 00:00:03]} Nb4 {[%clk
00:47:53]} {[%emt 00:00:06]} 30. Re1 {[%clk 00:15:59]} {[%emt 00:00:17]} a5
{[%clk 00:47:01]} {[%emt 00:01:25]} 31. Rxe4 {[%clk 00:16:14]} {[%emt
00:00:15]} Rd8 {[%clk 00:46:20]} {[%emt 00:01:10]} 32. Nf3 {[%clk 00:13:12]}
{[%emt 00:03:30]} Rd1 {[%clk 00:44:51]} {[%emt 00:02:02]} 33. Re5 {[%clk
00:08:57]} {[%emt 00:04:44]} Kb6 {[%clk 00:43:47]} {[%emt 00:01:35]} 34. f5
{[%clk 00:06:52]} {[%emt 00:02:34]} Rf1 {[%clk 00:44:00]} {[%emt 00:00:19]} 35.
Nd4 {[%clk 00:05:58]} {[%emt 00:01:21]} Rf2 {[%clk 00:43:47]} {[%emt 00:00:46]}
36. Rb5+ {[%clk 00:04:23]} {[%emt 00:02:04]} Ka6 {[%clk 00:44:05]} {[%emt
00:00:14]} 37. Kb3 {[%clk 00:04:29]} {[%emt 00:00:22]} Rd2 {[%clk 00:40:50]}
{[%emt 00:03:47]} 38. Ne6 {[%clk 00:03:41]} {[%emt 00:01:16]} Nxc2 {[%clk
00:40:25]} {[%emt 00:00:57]} 39. Kc3 {[%clk 00:02:08]} {[%emt 00:02:02]} Rf2
{[%clk 00:38:52]} {[%emt 00:02:03]} 40. Rb2 {[%clk 00:02:03]} {[%emt 00:00:34]}
1-0